Forestry report published (Record no. 70821)
[ view plain ]
| 000 -LEADER | |
|---|---|
| fixed length control field | 00972cam a2200205 4500 |
| 001 - CONTROL NUMBER | |
| control field | WB3827-21 |
| 008 - FIXED-LENGTH DATA ELEMENTS--GENERAL INFORMATION | |
| fixed length control field | 020725n2002 000 0 eng u |
| 035 ## - SYSTEM CONTROL NUMBER | |
| System control number | (Sirsi) u119051 |
| 245 ## - TITLE STATEMENT | |
| Title | Forestry report published |
| 260 ## - PUBLICATION, DISTRIBUTION, ETC. | |
| Date of publication, distribution, etc. | 2002 |
| 490 ## - SERIES STATEMENT | |
| Series statement | Environmental Audit Committee Press Release |
| Volume/sequential designation | (36) 24 July 2002, (3) |
| 520 ## - SUMMARY, ETC. | |
| Summary, etc. | The House of Commons Environmental Audit Committee has published its Sixth Report, "Buying time for forests". The report looks at the failure of the government to buy timber from sustainable and legal sources. The report concludes that government has not held to its commitment and makes a number of recommendations: the report can be found at http://www.parliament.uk/commons/sselcom/eahome.htm |
| 590 ## - LOCAL NOTE (RLIN) | |
| Local note | WB |
| 650 ## - SUBJECT ADDED ENTRY--TOPICAL TERM | |
| Topical term or geographic name entry element | SUSTAINABLE DEVELOPMENT |
| 650 ## - SUBJECT ADDED ENTRY--TOPICAL TERM | |
| Topical term or geographic name entry element | FORESTRY |
| 650 ## - SUBJECT ADDED ENTRY--TOPICAL TERM | |
| Topical term or geographic name entry element | GOVERNMENT POLICY |
| 690 ## - LOCAL SUBJECT ADDED ENTRY--TOPICAL TERM (OCLC, RLIN) | |
| Topical term or geographic name as entry element | RURAL-AGRICULTURE AND FORESTRY |
| 856 ## - ELECTRONIC LOCATION AND ACCESS | |
| Host name | http://www.parliament.uk/commons/selcom/eapnt36.htm |
| 942 ## - ADDED ENTRY ELEMENTS (KOHA) | |
| Suppress in OPAC | 0 |
| Withdrawn status | Lost status | Source of classification or shelving scheme | Damaged status | Not for loan | Home library | Current library | Shelving location | Date acquired | Total Checkouts | Full call number | Barcode | Date last seen | Copy number | Price effective from | Koha item type |
|---|---|---|---|---|---|---|---|---|---|---|---|---|---|---|---|
| Dewey Decimal Classification | London | London | News article | 25/07/2002 | WB3827-21 | 119051-1001 | 06/08/2019 | 1 | 06/08/2019 | News article |